[Event "Vadso op"]
[Site "Vadso"]
[Date "2010.08.28"]
[Round "3"]
[White "Tsjembajev, Evgenij"]
[Black "Dezhurko, Arkadi"]
[Result "1-0"]
[WhiteElo "2203"]
[BlackElo "2151"]
[PlyCount "100"]
[EventDate "2010.08.27"]
[EventType "swiss"]
[EventRounds "5"]
[EventCountry "NOR"]
[SourceTitle "CBM 138 Extra"]
[Source "ChessBase"]
[SourceDate "2010.10.29"]
[SourceVersion "1"]
[SourceVersionDate "2010.10.29"]
[SourceQuality "1"]

1. d4 d5 2. c4 c6 3. cxd5 cxd5 4. Nc3 Nc6 5. Nf3 Nf6 6. Bf4 e6 7. e3 Bd6 8. Bg5 h6 9. Bh4 Qb6 10. Qc2 Ne4 11. Nxe4 dxe4 12. Nd2 f5 13. a3 Qa5 14. 0-0-0 0-0 15. Nc4 Qd5 16. Nxd6 Qxd6 17. Bg3 Qe7 18. Qc5 Qxc5+ 19. dxc5 e5 20. Bc4+ Kh8 21. h4 f4 22. Bh2 Bg4 23. Rd2 Rac8 24. Rc2 Ne7 25. b4 a5 26. Kb2 Rcd8 27. Kc3 axb4+ 28. axb4 Ng6 29. Re1 Nxh4 30. exf4 exf4 31. Ra2 Bf5 32. Rg1 g5 33. Ra7 Rd7 34. g4 Bh7 35. c6 Re7 36. b5 Bg8 37. Rxb7 Rxb7 38. cxb7 Rb8 39. Ra1 Nf3 40. Ra8 Rxb7 41. Bxg8 Kg7 42. Kb4 Nd4 43. Bc4 Nxb5 44. Bxb5 Rc7 45. Re8 h5 46. Re5 Kf6 47. Rf5+ Kg6 48. Be8+ Kh6 49. Bxh5 Rc2 50. Bxf4 gxf4 1-0

[Event "Vadsosjakken-A"]
[Site "Vadso"]
[Date "2009.08.29"]
[Round "2"]
[White "Tsjembajev, Evgenij"]
[Black "Royset, Pal"]
[Result "1-0"]
[WhiteElo "2186"]
[BlackElo "2220"]
[PlyCount "79"]
[EventDate "2009.08.28"]
[EventType "swiss"]
[EventRounds "5"]
[EventCountry "NOR"]
[SourceTitle "EXT 2012"]
[Source "ChessBase"]
[SourceDate "2011.11.24"]
[SourceVersion "1"]
[SourceVersionDate "2011.11.24"]
[SourceQuality "1"]

1. d4 Nf6 2. Nf3 e6 3. c4 d5 4. Nc3 Be7 5. Bf4 c5 6. dxc5 Nc6 7. e3 Bxc5 8. a3 0-0 9. b4 Be7 10. h3 Ne4 11. Nxe4 dxe4 12. Nd2 f5 13. Qc2 Bf6 14. Rd1 Qe7 15. c5 e5 16. Bh2 Bd7 17. Nc4 Rac8 18. Nd6 Rc7 19. Bc4+ Kh8 20. Qb3 g6 21. Nb5 Rcc8 22. Nc3 Bg7 23. 0-0 Nb8 24. f4 exf3 25. Rxf3 Bc6 26. Bd5 Nd7 27. Bxc6 bxc6 28. e4 Rb8 29. Qa4 fxe4 30. Rxf8+ Nxf8 31. Qxc6 e3 32. Qe4 a5 33. Nd5 Qe6 34. Nxe3 axb4 35. axb4 Qb3 36. Bxe5 Rxb4 37. Bxg7+ Kxg7 38. Qe5+ Kg8 39. Rf1 Rb8 40. Ng4 1-0